Statistiques concernant Ligue 1 2002/2003 Classement

Cliquez ici pour prendre le quiz!

Statistiques générales

  • Ce quiz a été pris 123 fois
  • Le résultat moyen est 17 sur 20

Statistiques - réponses

ClassementptsEquipes% Correct
#168Lyon
100%
#464Bordeaux
99%
#365Marseille
98%
#1154Paris
96%
#857Lens
95%
#1442Lille
95%
#267Monaco
93%
#956Nantes
93%
#1055Nice
93%
#1540Rennes
91%
#1345Strasbourg
91%
#664Auxerre
89%
#1640Montpellier
86%
#564Sochaux
82%
#1247Bastia
78%
#1838Le Havre
76%
#1739Ajaccio
72%
#762Guingamp
71%
#2031Troyes
71%
#1936Sedan
69%

Distribution des résultats

Percentile par nombre de réponses

% des personnes avec chaque résultat

Votre développement - résultats

Vous n’avez pas pris ce quiz